Triple Crown of Motorsport Winners - Statistics

General Stats
  • This quiz has been taken 159 times
  • The average score is 9 of 14
Answer Stats
Indianapolis 500 24 Hours of Le Mans Monaco Grand Prix Formula One World Championship Nationality Driver % Correct
- 2018, 2019 2006, 2007 2005, 2006 ESP Fernando Alonso
97%
1966 1972 1963, 1964, 1965, 1968, 1969 1962, 1968 GBR Graham Hill
84%
- 1958, 1961, 1962 -- 1961 USA Phil Hill
80%
1995 - - 1997 CAN Jacques Villeneuve
79%
1969 - - 1978 USA Mario Andretti
78%
2000, 2015 - 2003 - COL Juan Pablo Montoya
76%
1989, 1993 - - 1972, 1974 BRA Emerson Fittipaldi
69%
1965 - - 1963, 1965 GBR Jim Clark
63%
- 1965 1970 1970 AUT Jochen Rindt
60%
- 1955 - 1958 GBR Mike Hawthorn
57%
- 1966 1962 - NZL Bruce McLaren
54%
1961, 1964, 1967, 1977 1967 - - USA A.J. Foyt
27%
- 1954 1955, 1958 - FRA Maurice Trintignant
24%
- 1933 1932 - ITA Tazio Nuvolari
19%
No matching quizzes found
Score Distribution
Percent of People with Each Score
Percentile by Number Answered
Your Score History
You have not taken this quiz